Prečo práve Slovensko? A prečo nie?

Slovensko v rámci Vyšehradskej skupiny v súboji o zahraničných investorov zaostáva. Prieskum siedmych európskych obchodných zastúpení, uskutočnený vo februári 2013 v Bratislave.

Saved in:
Bibliographic Details
Main Author: Rogalska, Karin
Format: Book Chapter
Language:Slovak
Subjects:
Tags: Add Tag
No Tags, Be the first to tag this record!

MARC

LEADER 00000naa a2200000 4500
001 0168596
005 20231011123314.9
041 0 |a slo 
044 |a SK 
245 1 0 |a Prečo práve Slovensko? A prečo nie?  |c Karin Rogalska 
520 |a Slovensko v rámci Vyšehradskej skupiny v súboji o zahraničných investorov zaostáva. Prieskum siedmych európskych obchodných zastúpení, uskutočnený vo februári 2013 v Bratislave. 
610 2 0 |a Slovensko 
610 2 0 |a Vyšehradská štvorka 
610 2 0 |a investori 
610 2 0 |a investície zahraničné 
610 2 0 |a zámery podnikateľské 
610 2 0 |a zdroje investičné 
610 2 0 |a konkurencieschopnosť 
610 2 0 |a prieskum 
100 1 |a Rogalska, Karin